[Event "FRA-chT3 Gr12 0304"]
[Site "Loire"]
[Date "2004.03.14"]
[Round "7.4"]
[White "Gallini, Patrice"]
[Black "Esteveny, Yann"]
[Result "1/2-1/2"]
[WhiteElo "2049"]
[BlackElo "1970"]
[PlyCount "70"]
[EventDate "2003.10.12"]
[EventType "team-tourn"]
[EventRounds "9"]
[EventCountry "FRA"]
[SourceTitle "EXT 2008"]
[Source "ChessBase"]
[SourceDate "2007.11.25"]
[SourceVersion "1"]
[SourceVersionDate "2007.11.25"]
[SourceQuality "1"]

1. d4 Nf6 2. Nc3 d5 3. Bg5 Nbd7 4. f3 c5 5. e4 cxd4 6. Qxd4 e5 7. Qd2 Be7 8. exd5 Nxd5 9. Bxe7 Nxe7 10. Nh3 0-0 11. Nf2 Nf6 12. Qxd8 Rxd8 13. Bc4 Rd4 14. Rd1 Nc6 15. Bb5 Nb4 16. Ba4 Bf5 17. Rxd4 exd4 18. Nce4 Nxe4 19. fxe4 Be6 20. a3 Nc6 21. Nd3 Re8 22. Kd2 a6 23. Bxc6 bxc6 24. Nc5 Bc4 25. b3 Be6 26. Kd3 f5 27. Nxe6 fxe4+ 28. Kxd4 Rxe6 29. Re1 Rd6+ 30. Ke3 Rg6 31. Re2 Kf7 32. Kd4 Rd6+ 33. Kxe4 Kg6 34. Rf2 h5 35. Ke3 Kg5 1/2-1/2

[Event "FRA-chT3 Gr12 0304"]
[Site "Loire"]
[Date "2003.12.07"]
[Round "4.5"]
[White "Fantin, Ludwig"]
[Black "Esteveny, Yann"]
[Result "1-0"]
[WhiteElo "2187"]
[BlackElo "1970"]
[PlyCount "71"]
[EventDate "2003.10.12"]
[EventType "team-tourn"]
[EventRounds "9"]
[EventCountry "FRA"]
[SourceTitle "EXT 2008"]
[Source "ChessBase"]
[SourceDate "2007.11.25"]
[SourceVersion "1"]
[SourceVersionDate "2007.11.25"]
[SourceQuality "1"]

1. e4 e5 2. Nf3 Nc6 3. Bc4 Bc5 4. c3 Nf6 5. d3 d6 6. 0-0 a6 7. h3 Ba7 8. Bb3 Ne7 9. Re1 Ng6 10. d4 0-0 11. Nbd2 Qe7 12. Nf1 Be6 13. Ng3 h6 14. Nf5 Qd7 15. g4 Bxb3 16. Qxb3 exd4 17. cxd4 Rfe8 18. Qc2 d5 19. e5 Ne4 20. b4 Nxe5 21. Nxe5 Rxe5 22. dxe5 Bxf2+ 23. Kf1 Bxe1 24. Kxe1 Qb5 25. Qb2 Re8 26. e6 Nf6 27. e7 Qd3 28. Be3 Kh8 29. Qd4 Qc2 30. Rc1 Qxa2 31. Bxh6 Qh2 32. Bxg7+ Kg8 33. Bxf6 Qh1+ 34. Kd2 Qg2+ 35. Kc3 Qxh3+ 36. Qd3 1-0